| 000 | 00563 a2200145 4500 | ||
|---|---|---|---|
| 005 | 20250607111306.0 | ||
| 020 | _a0-07-145090-4 | ||
| 082 | _aLECT 658.114 WAG | ||
| 100 | _aWAGNER, K | ||
| 245 | _aFinance for nonfinancial managers: 24 lessons for understanding and evaluating financial health | ||
| 260 |
_aNew York, _bMcGraw-Hill, _c2005. |
||
| 300 |
_aix, 48p.: _bReference, _c23cm. |
||
| 856 |
_yAccess online book _fFinance for nonfinancial managers: 24 lessons for understanding and evaluating financial health _dwww.books.mcgraw-hill.com |
||
| 942 |
_2ddc _cBKS |
||
| 999 |
_c3422 _d3422 |
||